BSOP header

追擊瑜伽真相 Zhui ji yujia zhenxiang = The facts on Yoga {ch} / (Record no. 29036)

MARC details
000 -LEADER
fixed length control field 00645nam a22001937a 4500
005 - DATE AND TIME OF LATEST TRANSACTION
control field 20170203141249.0
008 - FIXED-LENGTH DATA ELEMENTS--GENERAL INFORMATION
fixed length control field 121210b hk ||||| |||| 00| 0 chi d
020 ## - INTERNATIONAL STANDARD BOOK NUMBER
International Standard Book Number 9789622087736
020 ## - INTERNATIONAL STANDARD BOOK NUMBER
International Standard Book Number 9622087736
100 ## - MAIN ENTRY--PERSONAL NAME
Personal name 嚴鳳山 Yan feng shan Samuel
245 ## - TITLE STATEMENT
Title 追擊瑜伽真相 Zhui ji yujia zhenxiang = The facts on Yoga {ch} /
Statement of responsibility, etc 嚴鳳山 Feng shan Yan Samuel
260 ## - PUBLICATION, DISTRIBUTION, ETC. (IMPRINT)
Place of publication, distribution, etc 香港 Hong Kong :
Name of publisher, distributor, etc 天道書樓有限公司,
Date of publication, distribution, etc 2009.
300 ## - PHYSICAL DESCRIPTION
Extent 160 p. :
Dimensions 17 cm.
Other physical details ill. ;
490 ## - SERIES STATEMENT
Series statement 護教叢書 = Apologetics series
490 ## - SERIES STATEMENT
Series statement Hu jiao chong shu
650 ## - SUBJECT ADDED ENTRY--TOPICAL TERM
Topical term or geographic name as entry element Yoga {ch}
700 ## - ADDED ENTRY--PERSONAL NAME
Personal name yim, Samuel Fungshan
942 ## - ADDED ENTRY ELEMENTS (KOHA)
Source of classification or shelving scheme Library of Congress Classification
Item type Books
Koha issues (borrowed), all copies 3
Holdings
Withdrawn status Lost status Source of classification or shelving scheme Damaged status Not for loan Home library Current library Shelving location Date acquired Source of acquisition Cost, normal purchase price Accession number Total Checkouts Full call number Barcode Date last seen Date last borrowed Price effective from Koha item type
    Library of Congress Classification     BSOP Library BSOP Library Chinese Books (General Circulation) 12/10/2012 CAP 215.61 C-11307 3 BR128.Y63 Ya1 2011 00042224 02/16/2017 02/03/2017 02/23/2013 Books
BSOP

Biblical Seminary of the Philippines
  All rights Reserved
  © 2024

CONTACT INFORMATION

Biblical Seminary of the Philippines,
  77-B Karuhatan Road, Valenzuela City,
  PHILIPPINES 1441
  Phone: +632 8292-6795 / 8292-6798
  Fax : +632 8292-6675
  Email: library@bsop.edu.ph